Máximos precedentes. : derecho constitucional. Tomo I /

Guardado en:
Otros Autores: Amaya, J. A., Cayuso, S. G., Ekmekdjian, L., Gozaíni, O. A., Hirshmann, P. G., Hockl, M. C., Ibáñez Rosaz, V. E., Laplacette, C. J., Legarre, S., Manili, P. L., Orgaz, J., Padilla, N., Palacio de Caeiro, S. B., Riberi, P., Rivera, J. C., Rosales Cuello, R., Sacristán, E. B., Sbdar, C. B.
Formato: Libro
Idioma:Spanish
Publicado: Buenos Aires : La Ley, 2013
Edición:1a. ed. 1a. reimp.
Materias:
Etiquetas: Agregar Etiqueta
Sin Etiquetas, Sea el primero en etiquetar este registro!
LEADER 01202nam a22003975a 4500
001 DER.der015455
008 251110s2013####|||||||||||||||||#||spa||
005 20251110154816.0
245 1 0 |a Máximos precedentes. :  |b derecho constitucional.  |n Tomo I /  |c dirigido por Pablo L. Manili. 
250 |a 1a. ed. 1a. reimp. 
260 |a Buenos Aires :  |b La Ley,  |c 2013 
300 |a 1140 p. 
500 |a Recurso extraordinario federal. Teoría constitucional. 
508 |a Corte Suprema de Justicia de la Nación 
020 |a 9789870325413 
700 1 |a Manili, Pablo L.,  |e dir. 
700 1 |a Amaya, J. A. 
700 1 |a Cayuso, S. G. 
700 1 |a Ekmekdjian, L. 
700 1 |a Gozaíni, O. A. 
700 1 |a Hirshmann, P. G. 
700 1 |a Hockl, M. C. 
700 1 |a Ibáñez Rosaz, V. E. 
700 1 |a Laplacette, C. J. 
700 1 |a Legarre, S. 
700 1 |a Manili, P. L. 
700 1 |a Orgaz, J. 
700 1 |a Padilla, N. 
700 1 |a Palacio de Caeiro, S. B. 
700 1 |a Riberi, P. 
700 1 |a Rivera, J. C. 
700 1 |a Rosales Cuello, R. 
700 1 |a Sacristán, E. B. 
700 1 |a Sbdar, C. B. 
650 7 |a DERECHO CONSTITUCIONAL 
859 |a DERECHO  |b BIB. DERECHO  |h 342  |i MAX  |p 007974